000 00505nam a22001697a 4500
003 DO-SdBNP
005 20220322090754.0
008 220322b1995 dr ||| |||| 00| 0 spa d
040 _aBPMSU
_cBPMSU
082 _bG861c 1995
100 1 _aGrimaldi, Silié Eleanor
_d1948-
245 _aCristal de iluciones /
_cEleanor Grimaldi Silié, ilustradora :Teresita Jiménez
260 _aSanto Domingo:
_beditora taller
_c1995
300 _a52 p;
_bilus;
_c22 cm
700 _aTeresita Jiménez
942 _2ddc
_cBK
999 _c14099
_d14099